Statystyki dla Wśiąść do pociągu: Polska - Wszystkie miasta

Kliknij tutaj aby rozwiązać quiz!

Ogólne statystyki

  • Ten quiz został rozwiązany 97 razy
  • Średni wynik to 19 z 28

Statystyki odpowiedzi

Miasto% Poprawnych
Warszawa
97%
Kraków
95%
Gdańsk
93%
Białystok
89%
Wrocław
89%
Katowice
88%
Szczecin
88%
Bydgoszcz
84%
Lublin
84%
Łódź
81%
Poznań
81%
Olsztyn
78%
Zielona Góra
78%
Opole
77%
Rzeszów
77%
Kielce
72%
Częstochowa
61%
Gorzów Wielkopolski
61%
Zakopane
57%
Radom
55%
Bielsko-Biała
51%
Kalisz
46%
Płock
46%
Suwałki
43%
Koszalin
42%
Ełk
41%
Piła
27%
Siedlce
23%

Rozkład punktacji

Percentyl według liczby udzielonych odpowiedzi

Procent ludzi z każdym wynikiem

Twoja historia wyników

Nie rozwiązałeś tego quizu